00255nam a22001217a 4500003000400000020001800004082001200022100002000034245002600054260002700080300000900107650001700116SGT a9789381082980 a345,JET aJETHMALANI, RAM aTHE INDIAN PENAL CODE aINDIAbTHOMSON REUTERS a1478 aCRIMINAL LAW